First Aid Step by Step (Record no. 249060)
[ view plain ]
| 000 -LEADER | |
|---|---|
| fixed length control field | 00528nam a22001937a 4500 |
| 003 - CONTROL NUMBER IDENTIFIER | |
| control field | OSt |
| 008 - FIXED-LENGTH DATA ELEMENTS--GENERAL INFORMATION | |
| fixed length control field | 250513b |||||||| |||| 00| 0 eng d |
| 020 ## - INTERNATIONAL STANDARD BOOK NUMBER | |
| International Standard Book Number | 8123909934 |
| 082 ## - DEWEY DECIMAL CLASSIFICATION NUMBER | |
| Classification number | 616.0252 |
| 100 ## - MAIN ENTRY--PERSONAL NAME | |
| Personal name | Camm, John |
| 245 ## - TITLE STATEMENT | |
| Title | First Aid Step by Step |
| Statement of responsibility, etc | John Camm & Tim McCathy |
| 250 ## - EDITION STATEMENT | |
| Edition statement | 1st |
| 260 ## - PUBLICATION, DISTRIBUTION, ETC. (IMPRINT) | |
| Place of publication, distribution, etc | New Delhi |
| Name of publisher, distributor, etc | CBS Publishers & Distributors |
| Date of publication, distribution, etc | 2003 |
| 650 #0 - SUBJECT ADDED ENTRY--TOPICAL TERM | |
| Topical term or geographic name as entry element | Occupational Therapy |
| Form subdivision | Occupational Therapy |
| General subdivision | First Aid Step by Step |
| 942 ## - ADDED ENTRY ELEMENTS (KOHA) | |
| Item type | Books |
| Source of classification or shelving scheme | Dewey Decimal Classification |
| Withdrawn status | Lost status | Damaged status | Permanent location | Current location | Shelving location | Date acquired | Source of acquisition | Cost, normal purchase price | Full call number | Barcode | Date last seen | Koha item type |
|---|---|---|---|---|---|---|---|---|---|---|---|---|
| CENTRAL LIBRARY, NOORUL ISLAM CENTRE FOR HIGHER EDUCATION | CENTRAL LIBRARY, NOORUL ISLAM CENTRE FOR HIGHER EDUCATION | General stacks | 05/12/2025 | Masters Books and Distributors, 7-04-2025 | 175.00 | 616.0252 P3 | 83969 | 05/13/2025 | Books | |||
| CENTRAL LIBRARY, NOORUL ISLAM CENTRE FOR HIGHER EDUCATION | CENTRAL LIBRARY, NOORUL ISLAM CENTRE FOR HIGHER EDUCATION | General stacks | 05/12/2025 | Masters Books and Distributors, 7-04-2025 | 175.00 | 616.0252 P3 | 83970 | 05/13/2025 | Books | |||
| CENTRAL LIBRARY, NOORUL ISLAM CENTRE FOR HIGHER EDUCATION | CENTRAL LIBRARY, NOORUL ISLAM CENTRE FOR HIGHER EDUCATION | General stacks | 05/12/2025 | Masters Books and Distributors, 7-04-2025 | 175.00 | 616.0252 P3 | 83971 | 05/13/2025 | Books | |||
| CENTRAL LIBRARY, NOORUL ISLAM CENTRE FOR HIGHER EDUCATION | CENTRAL LIBRARY, NOORUL ISLAM CENTRE FOR HIGHER EDUCATION | General stacks | 05/12/2025 | Masters Books and Distributors, 7-04-2025 | 175.00 | 616.0252 P3 | 83972 | 05/13/2025 | Books | |||
| CENTRAL LIBRARY, NOORUL ISLAM CENTRE FOR HIGHER EDUCATION | CENTRAL LIBRARY, NOORUL ISLAM CENTRE FOR HIGHER EDUCATION | General stacks | 05/12/2025 | Masters Books and Distributors, 7-04-2025 | 175.00 | 616.0252 P3 | 83973 | 05/13/2025 | Books |
